Normal view
MARC view
Entry Personal Name
001 - CONTROL NUMBER
- control field: 35377
003 - CONTROL NUMBER IDENTIFIER
- control field: OSt
005 - DATE AND TIME OF LATEST TRANSACTION
- control field: 20160129143916.0
008 - FIXED-LENGTH DATA ELEMENTS
- fixed length control field: 160129|| aca||aabn | a|a d
040 ## - CATALOGING SOURCE
- Original cataloging agency: OSt
- Transcribing agency: OSt
100 ## - HEADING--PERSONAL NAME
- Personal name: King ,Stephen
670 ## - SOURCE DATA FOUND
- Source citation: Work cat.: (OSt)31149: King ,Stephen, The Girl Who Loved Tom Gordon, 1999









